| 000 | 00459nam a2200181Ia 4500 | ||
|---|---|---|---|
| 005 | 20240402024523.0 | ||
| 008 | 240331s9999 xx 000 0 und d | ||
| 020 | _a0415206987 | ||
| 082 |
_bPOL _a330 |
||
| 100 | _aShaw, Martin | ||
| 245 | 0 |
_aPolitics and globalization : _bknowledge, ethics and agency |
|
| 250 | _a1 St. | ||
| 260 |
_aLondon : _bRoutledge / _c1999. |
||
| 300 | _ax, 229 p., | ||
| 650 | _aGlobalization. | ||
| 650 | _aSocial. | ||
| 942 | _cL | ||
| 999 |
_c2602 _d2602 |
||